00501pab a2200157 454500008004000000100002000040245006500060260000900125300001300134362001000147650001800157773003400175909001000209999001700219952010700236180718b1997 xxu||||| |||| 00| 0 eng d aMazumdar, Dipak aLabour markets, trade patterns and worker's living standards c1997 ap.463-74 a1 Mar aLabour market aEconomic and Political Weekly a33584 c33584d33584 00104070aIIPAbIIPAd2018-07-19hVolume no: 32, Issue no: 9-10pAR33810r2018-07-19w2018-07-19yAR